000 01098nam a22003497a 4500
003 CHAP
005 20220817041314.0
008 971013s1983 r 00010 d
010 _a10889
011 _a11861
035 _a11429
040 _cCHAP
082 0 4 _a330.15
_bD52
100 0 0 _aDierchxsens, Wim.
_932532
245 1 _aFormaciones precapitalistas
260 _aMéxico, D. F. :
_bNuestro Tiempo,
_c1983
300 _a210 p.
490 _aTeoría e historia
590 _aBATCH-UPD
_b10
_c20130110
_lUCH01
_h0330
590 _aBATCH-UPD
_b10
_c20130110
_lUCH01
_h1938
590 _aBATCH-UPD
_b10
_c20130410
_lUCH01
_h1534
590 _aBATCH-UPD
_b10
_c20130914
_lUCH01
_h0843
590 _aCONVERSION
_b10
_c20130109
_lUCH01
_h1307
650 1 4 _aCapitalismo.
_918711
650 1 4 _aFeudalismo.
_940674
650 1 4 _aTrabajo y trabajadores.
830 0 _aTeoría e historia
_9112310
901 _aBK
942 _cLIBRO
949 _a330.15 D52
_bBC
_cLIBRO
_d33724000320883
_eLIBRO
_fc.2
_h69664
_i11429
_si
949 _a330.15 D52
_bBC
_cLIBRO
_d33724000320891
_eLIBRO
_gI. c/e
_h69663
_i11429
_si
999 _c10889
_d10889